000 00448nam a2200157 a 4500
001 000037034
005 20200930080110.0
008 120209s1988 sp a 000 0 spa d
020 _a847507314X
040 _aDO-SdBNP
_bspa
_cBNPHU
082 _axxxx
_bF682p
100 1 _aFonte, Ramiro
_963441
245 1 0 _aPasa un regredo /
_cRamiro Fonte.
260 _aMadrid, EspaƱa :
_bEdiciones Xerias de Galicia,
_c1988.
300 _a108 p. :
_bil. ;
_c21 cm.
999 _c36524
_d36524